Študijný program Fakulty ekonomiky a riadenia výrobných odvetví VŠE v Bratislave školský rok 1973-74

Salvato in:
Dettagli Bibliografici
Natura: Libro
Lingua:slovacco
Pubblicazione: Bratislava Rektorát VŠE 1973
Tags: Aggiungi Tag
Nessun Tag, puoi essere il primo ad aggiungerne!!

MARC

LEADER 00000nam a2200000 4500
001 c123774
005 20250709071020.8
041 0 |a slo 
044 |a SK 
245 1 0 |a Študijný program Fakulty ekonomiky a riadenia výrobných odvetví VŠE v Bratislave  |b školský rok 1973-74 
264 1 |a Bratislava  |b Rektorát VŠE  |c 1973 
300 |a 105 s.